Statistics for F1 World Champions in order

Click here to take the quiz!

General Stats

  • This quiz has been taken 237 times
  • The average score is 53 of 72

Answer Stats

YearName% Correct
1950Giuseppe Farina
93%
1951Juan Manuel Fangio
92%
1954Juan Manuel Fangio
90%
1955Juan Manuel Fangio
90%
1952Alberto Ascari
89%
1956Juan Manuel Fangio
89%
1957Juan Manuel Fangio
89%
1953Alberto Ascari
87%
1958Mike Hawthorn
80%
1959Jack Brabham
77%
1995Michael Schumacher
77%
1994Michael Schumacher
77%
1960Jack Brabham
76%
1961Phil Hill
76%
1985Alain Prost
75%
1990Ayrton Senna
75%
1988Ayrton Senna
75%
2005Fernando Alonso
75%
2006Fernando Alonso
75%
1962Graham Hill
75%
2003Michael Schumacher
75%
1989Alain Prost
74%
1986Alain Prost
74%
1991Ayrton Senna
74%
2008Lewis Hamilton
74%
2004Michael Schumacher
74%
2002Michael Schumacher
74%
2001Michael Schumacher
74%
2000Michael Schumacher
74%
1992Nigel Mansell
74%
1997Jacques Villeneuve
73%
1963Jim Clark
73%
1987Nelson Piquet
73%
1975Niki Lauda
73%
1993Alain Prost
72%
1996Damon Hill
72%
1966Jack Brabham
72%
2009Jenson Button
72%
1965Jim Clark
72%
1998Mika Häkkinen
72%
1977Niki Lauda
72%
1984Niki Lauda
72%
1976James Hunt
71%
2007Kimi Räikkönen
71%
1999Mika Häkkinen
71%
2010Sebastian Vettel
71%
1980Alan Jones
70%
1967Denny Hulme
70%
1969Jackie Stewart
70%
1971Jackie Stewart
70%
2011Sebastian Vettel
70%
1968Graham Hill
69%
1964John Surtees
69%
1983Nelson Piquet
69%
2012Sebastian Vettel
69%
2013Sebastian Vettel
69%
1974Emerson Fittipaldi
68%
1982Keke Rosberg
68%
2015Lewis Hamilton
68%
2014Lewis Hamilton
68%
1981Nelson Piquet
68%
1972Emerson Fittipaldi
67%
1970Jochen Rindt
67%
1979Jody Scheckter
67%
2021Max Verstappen
67%
1973Jackie Stewart
66%
2017Lewis Hamilton
66%
2016Nico Rosberg
66%
2019Lewis Hamilton
65%
1978Mario Andretti
65%
2018Lewis Hamilton
64%
2020Lewis Hamilton
64%

Score Distribution

Percentile by Number Answered

Percent of People with Each Score

Your Score History

You have not taken this quiz